000 01438cam a2200301 4500
001 ABS64632
008 011024n2001 000 0 eng u
035 _a(Sirsi) u115275
100 _aLane, T.
245 _aKeeping Ken cool
260 _c2001
490 _aBuilding
_v266(8205) 12 October 2001, 58-59(2)
520 _aReports on Greater London Authority (GLA) building project, highlighting the challenge of combining an innovative design with environmental control. Emphasises the benefits of using computer modelling to calculate solar gain, outlines how the building features a mixture of natural ventilation and air-conditioning, and explains the energy efficient heating system. Although some are sceptical that the GLA building will not fulfil its environmental objectives, the project managers are confident that it will achieve an 'excellent' BREEAM rating.
590 _aABS
650 _aGREATER LONDON AUTHORITY
650 _aSOLAR POWER
650 _aGLA BUILDING
650 _aBREEAM RATING
650 _aGREEN BUILDINGS
650 _aENERGY CONSUMPTION
650 _aENVIRONMENTAL PERFORMANCE
650 _aENERGY EFFICIENT
650 _aBUILT ENVIRONMENT-BUILDING ELEMENTS-COMPLETE BUILDING SERVICES ELEMENTS-COMPLETE HEATING, VENTILATION AND AIR CONDITIONING SYSTEMS
650 _aNATURAL VENTILATION
650 _aHEATING
690 _aBUILT ENVIRONMENT-CONSTRUCTION DESIGN
942 _n0
999 _c68656
_d68656